[Event "IECC KO email"]
[Site "IECC email"]
[Date "2002.01.29"]
[Round "?"]
[White "Jacobs, Rudolf"]
[Black "Van Dam, Carl"]
[Result "1/2-1/2"]
[WhiteElo "1586"]
[BlackElo "1701"]
[PlyCount "73"]
[EventDate "2002.??.??"]
[EventType "tourn (corr)"]
[EventRounds "6"]
[SourceTitle "Corr 2008"]
[Source "ChessBase"]
[SourceDate "2008.06.24"]
[SourceVersion "1"]
[SourceVersionDate "2008.06.24"]
[SourceQuality "1"]

1. d4 Nf6 2. c4 e6 3. Nf3 b6 4. g3 Ba6 5. b3 Bb4+ 6. Bd2 Be7 7. Bg2 c6 8. 0-0 d5 9. Ne5 Nfd7 10. Nxd7 Nxd7 11. Bc3 0-0 12. Nd2 Rc8 13. e4 b5 14. Re1 dxc4 15. bxc4 bxc4 16. Qa4 Bb5 17. Qc2 Re8 18. a4 Ba6 19. Red1 c5 20. d5 exd5 21. exd5 Bf6 22. Ne4 Bxc3 23. Nxc3 Ne5 24. Nb5 Qd7 25. Rab1 Rb8 26. f4 Ng4 27. Bh3 Bc8 28. Re1 h5 29. Bxg4 hxg4 30. Rxe8+ Qxe8 31. Kf2 Bd7 32. Qxc4 Qd8 33. Qxc5 a6 34. Nc3 Rxb1 35. Nxb1 Bxa4 36. Nc3 Bd7 37. Ke3 1/2-1/2

[Event "IECC CL4-2001.43"]
[Site "IECC email"]
[Date "2001.12.31"]
[Round "?"]
[White "Van Dam, Carl"]
[Black "Hopf, Werner"]
[Result "1/2-1/2"]
[WhiteElo "1709"]
[BlackElo "1640"]
[PlyCount "40"]
[EventDate "2001.??.??"]
[EventType "tourn (corr)"]
[EventRounds "4"]
[SourceTitle "Corr 2008"]
[Source "ChessBase"]
[SourceDate "2008.06.24"]
[SourceVersion "1"]
[SourceVersionDate "2008.06.24"]
[SourceQuality "1"]

1. e4 d5 2. exd5 Qxd5 3. Nc3 Qa5 4. d4 Nf6 5. Nf3 Bf5 6. Ne5 c6 7. Bc4 e6 8. g4 Bg6 9. Bd2 Nbd7 10. Qe2 Bb4 11. a3 Nxe5 12. dxe5 Nd5 13. Nxd5 Bxd2+ 14. Qxd2 Qxd2+ 15. Kxd2 cxd5 16. Bd3 Bxd3 17. Kxd3 h5 18. h3 Rc8 19. f3 Ke7 20. Rac1 hxg4 1/2-1/2

[Event "IECC TH-T email"]
[Site "IECC email"]
[Date "2001.12.30"]
[Round "?"]
[White "Hall, Gregory Kenneth"]
[Black "Van Dam, Carl"]
[Result "1/2-1/2"]
[WhiteElo "1845"]
[BlackElo "1686"]
[PlyCount "85"]
[EventDate "2001.??.??"]
[EventType "match (corr)"]
[EventRounds "2"]
[SourceTitle "Corr 2008"]
[Source "ChessBase"]
[SourceDate "2008.06.24"]
[SourceVersion "1"]
[SourceVersionDate "2008.06.24"]
[SourceQuality "1"]

1. d4 d5 2. Nf3 Nf6 3. e3 Bg4 4. c4 e6 5. Qb3 Qc8 6. Nc3 c6 7. Bd2 Nbd7 8. Rc1 Qb8 9. h3 Bh5 10. g4 Bg6 11. Nh4 Be7 12. Nxg6 hxg6 13. Bg2 dxc4 14. Qxc4 Nb6 15. Qb3 0-0 16. 0-0 Rd8 17. Ne2 e5 18. Rfd1 exd4 19. Nxd4 Bd6 20. Bb4 Bxb4 21. Qxb4 Qe5 22. Qb3 Rd7 23. Nf3 Rxd1+ 24. Rxd1 Qe7 25. Qc2 Re8 26. a3 Nbd5 27. Nd2 a6 28. b4 Nxe3 29. fxe3 Qxe3+ 30. Kh1 Qxa3 31. Qb3 Qxb3 32. Nxb3 Re5 33. Nc5 a5 34. Nxb7 axb4 35. Bxc6 Re3 36. Bg2 b3 37. Rb1 Nd7 38. Kh2 g5 39. Rb2 Rc3 40. Be4 Kf8 41. Rd2 Re3 42. Rxd7 Rxe4 43. Rxf7+ 1/2-1/2

[Event "IECC TH-T email"]
[Site "IECC email"]
[Date "2001.12.30"]
[Round "?"]
[White "Van Dam, Carl"]
[Black "Hall, Gregory Kenneth"]
[Result "1/2-1/2"]
[WhiteElo "1701"]
[BlackElo "1838"]
[PlyCount "123"]
[EventDate "2001.??.??"]
[EventType "match (corr)"]
[EventRounds "2"]
[SourceTitle "Corr 2008"]
[Source "ChessBase"]
[SourceDate "2008.06.24"]
[SourceVersion "1"]
[SourceVersionDate "2008.06.24"]
[SourceQuality "1"]

1. d4 d5 2. Nf3 Nf6 3. e3 e6 4. Bd3 c5 5. c3 Nc6 6. Nbd2 Bd6 7. 0-0 0-0 8. dxc5 Bxc5 9. e4 Qc7 10. Qe2 Bd6 11. Re1 Ng4 12. h3 Nge5 13. Nxe5 Nxe5 14. exd5 exd5 15. Nf3 Re8 16. Bf4 Nxf3+ 17. Qxf3 Be6 18. Bxd6 Qxd6 19. Rad1 Rad8 20. Bc2 Re7 21. Qd3 g6 22. Qd4 b5 23. a3 Rc7 24. Rd2 a6 25. Bb3 Rcd7 26. Rde2 Qf8 27. Bc2 Qg7 28. Re5 Rd6 29. f4 h5 30. Bxg6 fxg6 31. Rxe6 Qxd4+ 32. cxd4 Kf7 33. Re7+ Kf6 34. Kf2 R8d7 35. Rxd7 Rxd7 36. Kf3 Rc7 37. Re5 Rd7 38. g4 hxg4+ 39. hxg4 Rd8 40. b4 Kf7 41. f5 gxf5 42. gxf5 Rc8 43. Rxd5 Rc3+ 44. Kf4 Rxa3 45. Rd6 Rb3 46. Rxa6 Rxb4 47. Ke5 Rb1 48. Ra7+ Ke8 49. f6 Re1+ 50. Kd6 Rf1 51. f7+ Kf8 52. Rb7 b4 53. Rxb4 Kxf7 54. d5 Rd1 55. Rf4+ Ke8 56. Re4+ Kd8 57. Ke6 Kc7 58. Rc4+ Kd8 59. Rh4 Kc7 60. Rh7+ Kd8 61. Kd6 Kc8 62. Rh8+ 1/2-1/2

[Event "IECC KO email"]
[Site "IECC email"]
[Date "2001.12.28"]
[Round "?"]
[White "Berkley, Stephen W"]
[Black "Van Dam, Carl"]
[Result "1/2-1/2"]
[WhiteElo "1701"]
[BlackElo "1707"]
[PlyCount "59"]
[EventDate "2001.??.??"]
[EventType "tourn (corr)"]
[EventRounds "6"]
[SourceTitle "Corr 2008"]
[Source "ChessBase"]
[SourceDate "2008.06.24"]
[SourceVersion "1"]
[SourceVersionDate "2008.06.24"]
[SourceQuality "1"]

1. d4 Nf6 2. c4 e6 3. Nc3 d5 4. Nf3 c5 5. cxd5 Nxd5 6. e4 Nxc3 7. bxc3 cxd4 8. cxd4 Bb4+ 9. Bd2 Bxd2+ 10. Qxd2 0-0 11. Bc4 Nc6 12. 0-0 b6 13. Rad1 Bb7 14. Rfe1 Rc8 15. d5 Na5 16. Bd3 h6 17. Qe2 exd5 18. exd5 Re8 19. Qxe8+ Qxe8 20. Rxe8+ Rxe8 21. d6 Kf8 22. Be2 Rd8 23. Ne5 Nc6 24. f4 f6 25. Ng6+ Kf7 26. Nh4 Bc8 27. g3 g5 28. Bh5+ Kg7 29. Ng6 Bf5 30. Bf3 1/2-1/2

[Event "IECC TH-T email"]
[Site "IECC email"]
[Date "2001.12.25"]
[Round "?"]
[White "Van Dam, Carl"]
[Black "Corbat, Philippe"]
[Result "0-1"]
[WhiteElo "1710"]
[BlackElo "2076"]
[PlyCount "84"]
[EventDate "2001.??.??"]
[EventType "match (corr)"]
[EventRounds "2"]
[SourceTitle "Corr 2008"]
[Source "ChessBase"]
[SourceDate "2008.06.24"]
[SourceVersion "1"]
[SourceVersionDate "2008.06.24"]
[SourceQuality "1"]

1. e4 e5 2. Nf3 Nf6 3. Nxe5 d6 4. Nxf7 Kxf7 5. d4 g6 6. Nc3 Be6 7. Bd3 Bg7 8. 0-0 Rf8 9. Bg5 Qe8 10. f4 Kg8 11. f5 gxf5 12. exf5 Bf7 13. Qd2 Nc6 14. Rae1 Qd7 15. Bh6 Bh5 16. Bb5 Bxh6 17. Qxh6 Qg7 18. Qd2 Rae8 19. Bc4+ Bf7 20. Be6 Nh5 21. d5 Qd4+ 22. Qxd4 Nxd4 23. g4 Nf6 24. Rf4 c5 25. dxc6 Nxc6 26. Bxf7+ Kxf7 27. Rxe8 Rxe8 28. Kf2 Rg8 29. h3 h5 30. gxh5 Nxh5 31. Rg4 Ne7 32. Rxg8 Kxg8 33. Nb5 Nxf5 34. Nxa7 Kf7 35. Nb5 Ke6 36. Kf3 Ke5 37. a4 Nf4 38. Kg4 d5 39. h4 Ne3+ 40. Kg5 Nxc2 41. h5 d4 42. h6 Ne6+ 0-1

[Event "IECC P email"]
[Site "IECC email"]
[Date "2001.09.24"]
[Round "?"]
[White "Magalhaes, Joao Flavio"]
[Black "Van Dam, Carl"]
[Result "1/2-1/2"]
[WhiteElo "1485"]
[BlackElo "1736"]
[PlyCount "69"]
[EventDate "2001.??.??"]
[EventType "tourn (corr)"]
[EventRounds "6"]
[SourceTitle "Corr 2008"]
[Source "ChessBase"]
[SourceDate "2008.06.24"]
[SourceVersion "1"]
[SourceVersionDate "2008.06.24"]
[SourceQuality "1"]

1. e4 c5 2. Nf3 d6 3. d4 cxd4 4. Qxd4 Nc6 5. Bb5 a6 6. Bxc6+ bxc6 7. Bg5 Qc7 8. Nc3 e5 9. Qa4 Bd7 10. 0-0 Be7 11. Bxe7 Nxe7 12. Rad1 0-0 13. Qa3 Nc8 14. Rd2 Bg4 15. Rfd1 Rd8 16. Na4 a5 17. c4 f5 18. exf5 Rf8 19. h3 Bxf5 20. Qe3 Qa7 21. c5 e4 22. cxd6 Qxe3 23. fxe3 exf3 24. d7 Bxd7 25. Rxd7 fxg2 26. Rc7 Ra7 27. Rxc6 Ne7 28. Re6 Ng6 29. Kxg2 Raf7 30. Rd5 Rf2+ 31. Kg3 R8f3+ 32. Kg4 Nf4 33. exf4 Rxf4+ 34. Kg3 R4f3+ 35. Kg4 1/2-1/2

[Event "IECC TH-T email"]
[Site "IECC email"]
[Date "2001.03.03"]
[Round "?"]
[White "Van Dam, Carl"]
[Black "Berkley, Stephen W"]
[Result "1-0"]
[WhiteElo "1677"]
[BlackElo "1708"]
[PlyCount "45"]
[EventDate "2001.??.??"]
[EventType "match (corr)"]
[EventRounds "2"]
[SourceTitle "Corr 2008"]
[Source "ChessBase"]
[SourceDate "2008.06.24"]
[SourceVersion "1"]
[SourceVersionDate "2008.06.24"]
[SourceQuality "1"]

1. e4 c5 2. Nf3 d6 3. d4 cxd4 4. Nxd4 Nf6 5. Nc3 a6 6. Bg5 e6 7. f4 Qb6 8. Qd2 Qxb2 9. Nb3 Qa3 10. Bxf6 gxf6 11. Be2 Nc6 12. 0-0 Bd7 13. Kh1 Rc8 14. Bh5 Bg7 15. Rad1 Ne7 16. Nb1 Qxa2 17. Qxd6 Qa4 18. Nc5 Rxc5 19. Qxc5 Qc6 20. Qd4 Rf8 21. Rf3 e5 22. Qd2 Bh6 23. Rd3 1-0

[Event "IECC CL4-2001.04"]
[Site "IECC email"]
[Date "2001.02.10"]
[Round "?"]
[White "Myatt, John R"]
[Black "Van Dam, Carl"]
[Result "0-1"]
[WhiteElo "1698"]
[BlackElo "1628"]
[PlyCount "66"]
[EventDate "2001.??.??"]
[EventType "tourn (corr)"]
[EventRounds "4"]
[SourceTitle "Corr 2008"]
[Source "ChessBase"]
[SourceDate "2008.06.24"]
[SourceVersion "1"]
[SourceVersionDate "2008.06.24"]
[SourceQuality "1"]

1. e4 c6 2. d3 d5 3. Nd2 e5 4. Ngf3 Bd6 5. Qe2 Nf6 6. g3 0-0 7. Bg2 Re8 8. 0-0 Nbd7 9. h3 a5 10. a4 Qc7 11. c3 Nc5 12. b3 b6 13. Re1 Ba6 14. c4 dxe4 15. dxe4 Rad8 16. Bb2 Bf8 17. Red1 Nd3 18. Ba3 Bxa3 19. Rxa3 Rd7 20. Raa1 Red8 21. g4 Nf4 22. Qe3 c5 23. Qe1 Bb7 24. Nh2 Nd3 25. Qe2 Nb2 26. Nhf1 Nxd1 27. Rxd1 Rd4 28. f3 Qd7 29. Kf2 Rd3 30. Ke1 g6 31. Ne3 Qd4 32. Nef1 Ne8 33. Bh1 Ng7 0-1

[Event "IECC CL4-2001.04"]
[Site "IECC email"]
[Date "2001.02.10"]
[Round "?"]
[White "Van Dam, Carl"]
[Black "Sanmartino, Gianluca"]
[Result "1/2-1/2"]
[WhiteElo "1625"]
[BlackElo "1650"]
[PlyCount "73"]
[EventDate "2001.??.??"]
[EventType "tourn (corr)"]
[EventRounds "4"]
[SourceTitle "Corr 2008"]
[Source "ChessBase"]
[SourceDate "2008.06.24"]
[SourceVersion "1"]
[SourceVersionDate "2008.06.24"]
[SourceQuality "1"]

1. Nf3 d5 2. d4 Nf6 3. c4 e6 4. Nc3 c6 5. Bg5 dxc4 6. e4 b5 7. e5 h6 8. Bh4 g5 9. Nxg5 hxg5 10. Bxg5 Nbd7 11. exf6 Bb7 12. g3 Qb6 13. Bg2 c5 14. d5 0-0-0 15. 0-0 b4 16. Na4 Qb5 17. a3 exd5 18. axb4 cxb4 19. Be3 a6 20. Qg4 Bd6 21. Rfd1 Kb8 22. Qf5 Rde8 23. Rxd5 Bxd5 24. Qxd5 Qxd5 25. Bxd5 Nxf6 26. Bxf7 Re7 27. Bxc4 Ng4 28. Bc5 Bxc5 29. Nxc5 Rxh2 30. Nxa6+ Kc8 31. Nxb4 Rxf2 32. Rc1 Re3 33. Be6+ Kb7 34. Bxg4 Rxb2 35. Rc7+ Ka8 36. Rc8+ Kb7 37. Rc7+ 1/2-1/2

[Event "IECC Swiss email"]
[Site "IECC email"]
[Date "2001.02.05"]
[Round "?"]
[White "Van Dam, Carl"]
[Black "Cashon, John J"]
[Result "0-1"]
[WhiteElo "1633"]
[BlackElo "1869"]
[PlyCount "64"]
[EventDate "2001.??.??"]
[EventType "tourn (corr)"]
[EventRounds "6"]
[SourceTitle "Corr 2008"]
[Source "ChessBase"]
[SourceDate "2008.06.24"]
[SourceVersion "1"]
[SourceVersionDate "2008.06.24"]
[SourceQuality "1"]

1. Nf3 d5 2. d4 Nf6 3. c4 e6 4. g3 c5 5. Bg2 dxc4 6. 0-0 cxd4 7. Qa4+ Nc6 8. Nxd4 Qxd4 9. Bxc6+ Bd7 10. Rd1 Qxd1+ 11. Qxd1 Bxc6 12. Nd2 Rd8 13. Qc2 b5 14. a4 a6 15. axb5 axb5 16. Ra6 Rc8 17. Qc3 Be7 18. Nf3 0-0 19. Nd4 b4 20. Qe1 Be4 21. Bf4 Bc5 22. e3 c3 23. bxc3 bxc3 24. Bd6 Bxd6 25. Rxd6 Rb8 26. Ne2 Rb1 27. Nc1 Rc8 28. Rd4 Bd5 29. Rd3 c2 30. h3 h6 31. Kh2 Be4 32. Rd4 Ra8 0-1

[Event "IECC CL4-2000.38"]
[Site "IECC email"]
[Date "2000.10.08"]
[Round "?"]
[White "Harness, Greg"]
[Black "Van Dam, Carl"]
[Result "0-1"]
[WhiteElo "1577"]
[BlackElo "1648"]
[PlyCount "92"]
[EventDate "2000.??.??"]
[EventType "tourn (corr)"]
[EventRounds "4"]
[SourceTitle "Corr 2008"]
[Source "ChessBase"]
[SourceDate "2008.06.24"]
[SourceVersion "1"]
[SourceVersionDate "2008.06.24"]
[SourceQuality "1"]

1. d4 Nf6 2. c4 g6 3. Nc3 Bg7 4. e4 d6 5. f3 0-0 6. Be3 c5 7. Nge2 Nc6 8. Qd2 cxd4 9. Nxd4 Nxd4 10. Bxd4 Be6 11. Bd3 Qa5 12. Be3 Rfc8 13. Nd5 Qxd2+ 14. Bxd2 Nxd5 15. exd5 Bd7 16. Bc3 Bxc3+ 17. bxc3 b5 18. 0-0 bxc4 19. Bc2 a5 20. Rae1 Kf8 21. Re2 Rc5 22. Rd1 a4 23. Kf2 Raa5 24. Rde1 Rxd5 25. Rxe7 Rd2+ 26. R1e2 Rxe2+ 27. Rxe2 a3 28. Rd2 d5 29. Ke3 Ke7 30. g4 Kd6 31. h4 Rb5 32. Ba4 Rb7 33. Bxd7 Rxd7 34. Re2 Rb7 35. g5 Rb2 36. Kf2 Rxe2+ 37. Kxe2 Ke5 38. Ke3 f6 39. gxf6 Kxf6 40. f4 Kf5 41. Kd4 Kxf4 42. Kxd5 g5 43. hxg5 Kxg5 44. Kxc4 h5 45. Kd4 h4 46. Ke3 Kf5 0-1

[Event "IECC TH-T email"]
[Site "IECC email"]
[Date "2000.01.27"]
[Round "?"]
[White "Caprioglio, Marco"]
[Black "Van Dam, Carl"]
[Result "0-1"]
[WhiteElo "1757"]
[BlackElo "1543"]
[PlyCount "42"]
[EventDate "2000.??.??"]
[EventType "match (corr)"]
[EventRounds "2"]
[SourceTitle "Corr 2008"]
[Source "ChessBase"]
[SourceDate "2008.06.24"]
[SourceVersion "1"]
[SourceVersionDate "2008.06.24"]
[SourceQuality "1"]

1. e4 e5 2. Nf3 Nc6 3. Bb5 a6 4. Ba4 Nf6 5. 0-0 Be7 6. Re1 b5 7. Bb3 d6 8. c3 0-0 9. h3 Na5 10. Bc2 c5 11. d4 Qc7 12. Nbd2 cxd4 13. cxd4 Nc6 14. Nb3 a5 15. Be3 a4 16. Nbd2 Nb4 17. Bb1 Bd7 18. a3 Nc6 19. d5 Na5 20. Bd3 Rac8 21. Bxb5 Bxb5 0-1

[Event "IECC Swiss email"]
[Site "IECC email"]
[Date "2000.01.17"]
[Round "?"]
[White "Osinski, Jaroslaw"]
[Black "Van Dam, Carl"]
[Result "1-0"]
[WhiteElo "1977"]
[BlackElo "1614"]
[PlyCount "133"]
[EventDate "2000.??.??"]
[EventType "tourn (corr)"]
[EventRounds "6"]
[SourceTitle "Corr 2008"]
[Source "ChessBase"]
[SourceDate "2008.06.24"]
[SourceVersion "1"]
[SourceVersionDate "2008.06.24"]
[SourceQuality "1"]

1. e4 c5 2. Nf3 d6 3. c3 Nf6 4. Be2 g6 5. 0-0 Bg7 6. Bb5+ Nc6 7. d4 Bd7 8. d5 Nb8 9. Bd3 0-0 10. Bg5 Bg4 11. Nbd2 Nbd7 12. Bf4 Nh5 13. Be3 Ne5 14. Be2 Nxf3+ 15. Nxf3 Nf6 16. Nd2 Bxe2 17. Qxe2 Qb6 18. b4 Nd7 19. bxc5 Nxc5 20. Bd4 Qc7 21. Bxg7 Kxg7 22. f4 Nd7 23. Qd3 Kg8 24. Qd4 b6 25. Rae1 Rac8 26. Rc1 e5 27. dxe6 fxe6 28. Rf3 e5 29. fxe5 Nxe5 30. Rxf8+ Rxf8 31. Rf1 Qc5 32. Rxf8+ Kxf8 33. Nb3 Qxd4+ 34. cxd4 Nc6 35. Kf2 Ke7 36. a3 Kf6 37. Ke3 h5 38. Kd3 Ke7 39. Kc4 a6 40. Kd5 Kd7 41. e5 dxe5 42. dxe5 Ne7+ 43. Ke4 Ke6 44. Nd4+ Kf7 45. h3 h4 46. Nf3 Nf5 47. Kd5 Ne3+ 48. Kc6 b5 49. Kd7 Nd5 50. Ng5+ Kf8 51. Ne6+ Kf7 52. Nc7 Nxc7 53. Kxc7 Ke6 54. Kb6 Kxe5 55. Kxa6 Kf4 56. Kxb5 Kg3 57. a4 Kxg2 58. a5 Kxh3 59. a6 Kg3 60. a7 h3 61. a8Q h2 62. Qh1 g5 63. Kc4 g4 64. Kd3 Kh3 65. Ke2 g3 66. Kf3 Kh4 67. Qg2 1-0

[Event "IECC Swiss email"]
[Site "IECC email"]
[Date "2000.01.17"]
[Round "?"]
[White "Van Dam, Carl"]
[Black "Marcotulli, Giancarlo"]
[Result "0-1"]
[WhiteElo "1547"]
[BlackElo "1716"]
[PlyCount "42"]
[EventDate "2000.??.??"]
[EventType "tourn (corr)"]
[EventRounds "6"]
[SourceTitle "Corr 2008"]
[Source "ChessBase"]
[SourceDate "2008.06.24"]
[SourceVersion "1"]
[SourceVersionDate "2008.06.24"]
[SourceQuality "1"]

1. e4 e5 2. Nf3 Nc6 3. Bc4 Nf6 4. d4 exd4 5. 0-0 Bc5 6. e5 d5 7. exf6 dxc4 8. Re1+ Be6 9. Ng5 Qd5 10. Nc3 Qf5 11. Nce4 Bf8 12. Nxf7 Kxf7 13. Ng5+ Kg8 14. g4 Qg6 15. fxg7 Bd5 16. gxh8Q+ Kxh8 17. Bf4 Bd6 18. Bxd6 cxd6 19. f4 Rf8 20. Rf1 h6 21. Nh3 Qe4 0-1

[Event "IECC TH-M email"]
[Site "IECC email"]
[Date "1999.11.26"]
[Round "?"]
[White "Kazimierski, Tomasz"]
[Black "Van Dam, Carl"]
[Result "1-0"]
[WhiteElo "1771"]
[BlackElo "1580"]
[PlyCount "79"]
[EventDate "1999.??.??"]
[EventType "match (corr)"]
[EventRounds "2"]
[SourceTitle "Corr 2008"]
[Source "ChessBase"]
[SourceDate "2008.06.24"]
[SourceVersion "1"]
[SourceVersionDate "2008.06.24"]
[SourceQuality "1"]

1. e4 c5 2. Nf3 d6 3. d4 cxd4 4. Nxd4 Nf6 5. Nc3 g6 6. Be3 Bg7 7. f3 Nc6 8. Qd2 0-0 9. g4 e6 10. 0-0-0 d5 11. Be2 dxe4 12. Nxc6 Qxd2+ 13. Rxd2 bxc6 14. fxe4 Nd7 15. Nd1 Ne5 16. h4 h6 17. g5 h5 18. Bc5 Re8 19. Ne3 a5 20. Nc4 Ba6 21. Nxe5 Bxe5 22. Bxa6 Rxa6 23. Rd7 Bf4+ 24. Kb1 Raa8 25. Bd6 Bxd6 26. Rxd6 Red8 27. Rhd1 Rxd6 28. Rxd6 Kf8 29. a4 Ke7 30. Rxc6 Rd8 31. Rc7+ Ke8 32. c3 Rd1+ 33. Kc2 Rh1 34. b4 axb4 35. a5 b3+ 36. Kb2 Rxh4 37. a6 Rxe4 38. Kxb3 Re1 39. a7 Ra1 40. Kc4 1-0

[Event "IECC KO email"]
[Site "IECC email"]
[Date "1999.11.05"]
[Round "?"]
[White "Stimac, Zeljko"]
[Black "Van Dam, Carl"]
[Result "1/2-1/2"]
[WhiteElo "1259"]
[BlackElo "1573"]
[PlyCount "72"]
[EventDate "1999.??.??"]
[EventType "tourn (corr)"]
[EventRounds "6"]
[SourceTitle "Corr 2008"]
[Source "ChessBase"]
[SourceDate "2008.06.24"]
[SourceVersion "1"]
[SourceVersionDate "2008.06.24"]
[SourceQuality "1"]

1. e4 e5 2. Nf3 Nc6 3. Bc4 Bc5 4. c3 Nf6 5. d4 exd4 6. cxd4 Bb4+ 7. Bd2 Bxd2+ 8. Nbxd2 d5 9. exd5 Nxd5 10. 0-0 0-0 11. Ne5 Nxe5 12. dxe5 Nb6 13. Qc2 Nxc4 14. Nxc4 Be6 15. Rac1 Bxc4 16. Qxc4 Rc8 17. Qb5 Rb8 18. Qc5 Re8 19. f4 b6 20. Qxc7 Qd4+ 21. Rf2 Rbd8 22. Qxa7 Ra8 23. Qc7 Rxa2 24. Qc3 Qxc3 25. Rxc3 Ra1+ 26. Rf1 Ra4 27. b3 Rb4 28. g3 f6 29. Re3 Re6 30. Rd1 fxe5 31. fxe5 Rb5 32. Rde1 Kf7 33. Kg2 h5 34. Kf3 g5 35. h3 Ke7 36. R1e2 Kf7 1/2-1/2

[Event "IECC KO email"]
[Site "IECC email"]
[Date "1999.11.05"]
[Round "?"]
[White "Van Dam, Carl"]
[Black "Schalkwijk, Peter H"]
[Result "1-0"]
[WhiteElo "1568"]
[BlackElo "1701"]
[PlyCount "73"]
[EventDate "1999.??.??"]
[EventType "tourn (corr)"]
[EventRounds "6"]
[SourceTitle "Corr 2008"]
[Source "ChessBase"]
[SourceDate "2008.06.24"]
[SourceVersion "1"]
[SourceVersionDate "2008.06.24"]
[SourceQuality "1"]

1. e4 g6 2. c4 Bg7 3. d4 d6 4. Nc3 Nc6 5. Be3 e5 6. d5 Nce7 7. g4 f5 8. gxf5 gxf5 9. Qh5+ Ng6 10. exf5 Qh4 11. Qf3 N6e7 12. Nb5 Kd8 13. Qg2 Bh6 14. Nf3 Qe4 15. Ng5 Qxf5 16. 0-0-0 Bxg5 17. Bxg5 Bd7 18. Bd3 Qf8 19. Nc3 h6 20. Be3 Nf6 21. f4 Ng4 22. Bd2 Rg8 23. Qe2 exf4 24. Rdf1 Ne5 25. Rxf4 Nxd3+ 26. Qxd3 Qg7 27. Rhf1 Be8 28. Rf6 h5 29. Ne2 Ng6 30. Nd4 Ne5 31. Ne6+ Kc8 32. Qf5 Qd7 33. c5 Kb8 34. Bf4 Nf7 35. cxd6 Nxd6 36. Qc2 Rg4 37. Rf8 1-0

[Event "IECC M email"]
[Site "IECC email"]
[Date "1999.10.23"]
[Round "?"]
[White "Garnett, Edward"]
[Black "Van Dam, Carl"]
[Result "1-0"]
[WhiteElo "1530"]
[BlackElo "1566"]
[PlyCount "35"]
[EventDate "1999.??.??"]
[EventType "tourn (corr)"]
[EventRounds "6"]
[SourceTitle "Corr 2008"]
[Source "ChessBase"]
[SourceDate "2008.06.24"]
[SourceVersion "1"]
[SourceVersionDate "2008.06.24"]
[SourceQuality "1"]

1. e4 c5 2. Nf3 d6 3. d4 cxd4 4. Nxd4 Nf6 5. Nc3 a6 6. Bg5 e6 7. f4 Qb6 8. Bxf6 gxf6 9. Be2 Rg8 10. Na4 Qb4+ 11. c3 Qa5 12. b4 Qc7 13. b5 d5 14. bxa6 bxa6 15. exd5 exd5 16. Bf3 Be6 17. Qe2 Kd7 18. f5 1-0

[Event "IECC M email"]
[Site "IECC email"]
[Date "1999.10.23"]
[Round "?"]
[White "Van Dam, Carl"]
[Black "Martin, Dennis"]
[Result "0-1"]
[WhiteElo "1514"]
[BlackElo "1765"]
[PlyCount "58"]
[EventDate "1999.??.??"]
[EventType "tourn (corr)"]
[EventRounds "6"]
[SourceTitle "Corr 2008"]
[Source "ChessBase"]
[SourceDate "2008.06.24"]
[SourceVersion "1"]
[SourceVersionDate "2008.06.24"]
[SourceQuality "1"]

1. d4 d5 2. c4 dxc4 3. Nf3 Nf6 4. e3 b5 5. a4 c6 6. axb5 cxb5 7. b3 Be6 8. bxc4 Bxc4 9. Bxc4 bxc4 10. Qa4+ Qd7 11. Qxc4 Nc6 12. Ra6 Rc8 13. 0-0 Nb8 14. Qa4 Nxa6 15. Qxa6 Qc6 16. Qxc6+ Rxc6 17. Ne5 Rc8 18. Ba3 e6 19. Bxf8 Rxf8 20. Na3 Ke7 21. g3 Ne4 22. Rb1 Rc7 23. Kg2 Rfc8 24. Rb2 f6 25. Nf3 Rc3 26. Rb7+ R8c7 27. Rxc7+ Rxc7 28. Nb5 Rc2 29. Nxa7 Rxf2+ 0-1